01702njm a2200265Ia 4500001000600000003000900006005001700015008004100032040001300073040001300086100001100099100001800110100003800128245003200166250001100198260001100209260003800220300001700258300003000275500001700305505094400322511006301266650005201329700005501381L1983IT-RoPAU20220918181154.0131025s9999 xx 000 0 und d aIT-RoPAU cIT-RoPAU aAA.VV. eAutore musica gCodice autore musica SPICS: 12000 aRoy Haynes - Roaring Haynes a1a ed. aMILANO bHACHETTE RUSCONIc2006 [1a Ed.:0] aCOMPACT DISC c75 minuti (Testo: 0 pag.) aMusica jazz. aI Hear A Rhapsody (Fragos, Baker, Gasparre, Willisau o Reutlingen settembre 1984, 6:36) - Blues M45 (C. Haden, New York 1994, 7:07) - Steps (C. Corea, Parigi luglio 1992, 7:14) - Lullaby of Birdland (G. Shearing, New York dicembre 1954, 3:59) - Mirror Mirror (C. Corea, Brooklyn maggio 1998, 6:19) - Minor Encamp (D. Jordan, Parigi ottobre 1954, 5:06) - Trio Improvisation 1 (Corea, Vitous, Haynes, Los Angeles novembre 1981, 3:16) - Whispering (Schonberger, Coburn, Rose, New York gennaio 1951, 3:03) - Yvette (G. Gryce, New York agosto 1951, 2:55) - Radio (S. Swallow, New Yrok gennaio 1978, 4:40) - Ding Dong (L. Young, New York giugno 1949, 2:24) - Barbados (C. Parker, New York marzo 2001, 5:02) - Dance of the Infidels (B. Powell, New York agosto 1949, 2:52) - Trinkle Tinle (T. Monk, New York dicembre 2002, 5:55) - Think of the One (T. Monk, Los Angeles novembre 1981, 4:19) - Repetition (N. Hefti, New York settembre 1950, 2:50). aCorea, Vitous, Haynes, Metheny, Kikoski, Mcbride, Hargrove aJAZZ [COMPACT DISC]eCodice MATERIA SPICS: 9949 aAA.VV.gCodice interprete SPICS: 12000eInterprete